Best of Harvard Club of Malaysia Speeches

Bibliographic Details
Format: Book
Language:English
Published: Kuala Lumpur : The Harvard Club of Malaysia 1993
Subjects:

MARC

LEADER 00000cam a2200000 7i4500
001 0000003087
005 20240926.0
008 991202 my eng
020 |a 9839980807 
040 |a INS   |b eng   |e rda 
090 0 0 |a PN6122   |b .B47 1993 
245 0 0 |a Best of Harvard Club of Malaysia Speeches   |c The Harvard Club of Malaysia 
264 1 |a Kuala Lumpur :   |b The Harvard Club of Malaysia   |c 1993 
264 4 |c ©1993 
300 |a 118 pages ;   |c 22 cm. 
336 |a text  |2 rdacontent 
337 |a unmediated  |2 rdamedia 
338 |a volume  |2 rdacarrier 
650 0 |a Economic development   |z Malaysia 
999 |a 0000005026   |b BOOK   |c Open Shelf   |e Default branch